• 首页
  • 本馆介绍
  • 公告通知
  • 最新文献
  • 馆藏检索
  • 电子资源
  • 读者导购
  • 参考咨询
  • 我的图书馆
  • 登录
  • 详细信息显示
  • 放入我的书架
  • 预约/预借图书
  • 作者相关作品
  • 分类相关作品
  • 丛书相关作品
  • 出版社相关作品

书目信息

  • 表格格式
  • 工作单格式
  • 卡片格式
题名:
推进北方海上丝绸之路:"北极问题"国际治理视角
    
 
作者: 王新和 著
分册:  
出版信息: 北京   时事出版社  2017.02
页数: 308页
开本: 24cm
丛书名:
单 册:
中图分类: P941.62
科图分类:
主题词:
电子资源:
ISBN: 978-7-5195-0042-9
000 01560nam0 2200265 450
001 3685
005 20181008130752.14
010    @a978-7-5195-0042-9@dCNY85.00
100    @a20170524d2017 em y0chiy50 ea
101 0  @achi
102    @aCN@b110000
105    @ay z 000yy
200 1  @a推进北方海上丝绸之路:"北极问题"国际治理视角@Atui jin bei fang hai shang si chou zhi lu:"bei ji wen ti"guo ji zhi li shi jiao@9tui jin bei fang hai shang si chou zhi lu@e“北级问题”国际治理视角@dExtension of the maritime silk road to the northeast passage@efrom the perspective of international governance on arctic issues@zeng@f王新和著
210    @a北京@c时事出版社@d2017.02
215    @a308页@d24cm
300    @a青岛市社科院重点项目
314    @a王新和,男,中国人民大学国际关系学院2013届博士,外交学专业,对外关系和对外战略方向。博士学位论文关注北极问题及中国外交应对方略,核心期刊曾发表相关学术论文。
330    @a本书以“北极问题”国际治理为研究视角,全书共分为三篇:基础篇以基本概念“北极问题和北极治理机制”为研究原点,分析北极治理理论问题;实践篇阐述中国参与北极事务,探究北极治理模式;发展篇结合域外因素影响,对北极治理提出“推进北方海上丝绸之路”的有益建议。
510 1  @aExtension of the maritime silk road to the northeast passage@efrom the perspective of international governance on arctic issues@zeng
517 1  @a“北级问题”国际治理视角@9“bei ji wen ti”guo ji zhi li shi jiao
607    @a北极@x政治地理学@x研究
690    @aP941.62@v5
701  0 @a王新和@9wang xin he@4著
801  0 @aCN@b91MARC@c20170524
905    @aMuseLib@dP941.62@e169
    
    推进北方海上丝绸之路:"北极问题"国际治理视角:“北级问题”国际治理视角=Extension of the maritime silk road to the northeast passage:from the perspective of international governance on arctic issues/王新和著.-北京:时事出版社,2017.02
    308页;24cm
    青岛市社科院重点项目
    
    ISBN 978-7-5195-0042-9:CNY85.00
    本书以“北极问题”国际治理为研究视角,全书共分为三篇:基础篇以基本概念“北极问题和北极治理机制”为研究原点,分析北极治理理论问题;实践篇阐述中国参与北极事务,探究北极治理模式;发展篇结合域外因素影响,对北极治理提出“推进北方海上丝绸之路”的有益建议。
●
相关链接 在E读中查询图书 在五车中查询图书 在当当中查询图书 在豆瓣中查询图书


正题名:推进北方海上丝绸之路:"北极问题"国际治理视角     索取号:P941.62/169         预约/预借

序号 登录号 条形码 馆藏地/架位号 状态 备注
1 1123217   211232174   第二样本阅览室/ [索取号:P941.62/169] 在馆    
2 1123218   211232183   第三借阅区/ [索取号:P941.62/169] 在馆    
3 1123219   211232192   第三借阅区/ [索取号:P941.62/169] 在馆    
4 1123220   211232209   第三借阅区/ [索取号:P941.62/169] 在馆    
5 1123221   211232218   密集书库-资源管理系/ [索取号:P941.62/169] 在馆    
唐山师范学院图书馆 欢迎您!
大连网信软件有限公司© 版权所有